[Event "Foment Martinenc op-C 16th"]
[Site "Barcelona"]
[Date "2014.05.31"]
[Round "6"]
[White "Martin, Jamie"]
[Black "Medinilla Moya, Dafne"]
[Result "1-0"]
[WhiteElo "1700"]
[BlackElo "1728"]
[PlyCount "57"]
[EventDate "2014.04.26"]
[EventType "swiss"]
[EventRounds "9"]
[EventCountry "ESP"]
[SourceTitle "EXT 2015"]
[Source "ChessBase"]
[SourceDate "2014.11.20"]
[SourceVersion "1"]
[SourceVersionDate "2014.11.20"]
[SourceQuality "1"]

1. e4 c5 2. Nf3 d6 3. d4 cxd4 4. Nxd4 Nf6 5. Nc3 g6 6. Be3 Bg7 7. f3 Nc6 8. Qd2 Bd7 9. 0-0-0 0-0 10. h4 Nxd4 11. Bxd4 e5 12. Be3 Qc7 13. Qxd6 Qxd6 14. Rxd6 b6 15. Bc4 Rfd8 16. g4 Be8 17. Rhd1 Rxd6 18. Rxd6 Bd7 19. g5 Be6 20. Bxe6 fxe6 21. gxf6 Bxf6 22. Bg5 Bxg5+ 23. hxg5 Re8 24. Nb5 a6 25. Nc7 Rf8 26. Rd3 a5 27. Nxe6 Rf7 28. Rd8+ Rf8 29. Rxf8# 1-0